|
|
|
|
| LEADER |
00860nam a2200277 4500 |
| 001 |
DLU090093083 |
| 005 |
##20091201 |
| 040 |
# |
# |
|a DLU
|b eng
|
| 041 |
# |
# |
|a eng
|
| 044 |
# |
# |
|a jp
|
| 100 |
# |
# |
|a Beg, Ismat.
|
| 245 |
# |
# |
|a Random fixed point theorems for multivalued inward random operators on Banach spaces /
|c Ismat Beg, Naseer Shahzad.
|
| 653 |
# |
# |
|a Banach space
|
| 653 |
# |
# |
|a Multivalued random operator
|
| 653 |
# |
# |
|a Random fixed point
|
| 700 |
# |
# |
|a Shahzad, Naseer.
|
| 773 |
# |
# |
|t Advances in Mathematical Sciences and Applications
|g Vol. 5, no. 1 (1995), p. 31-37
|
| 920 |
# |
# |
|a Phòng Tạp chí -- Trung tâm Thông tin - Thư viện Trường Đại học Đà Lạt
|
| 994 |
# |
# |
|a DLU
|
| 900 |
# |
# |
|a True
|
| 911 |
# |
# |
|a Trương Bảo Trâm Anh
|
| 925 |
# |
# |
|a G
|
| 926 |
# |
# |
|a A
|
| 927 |
# |
# |
|a BB
|
| 980 |
# |
# |
|a Thư viện Trường Đại học Đà Lạt
|